Laying of Foundation Stone for the Training & Research Institute, Valuation & Property Services Division by YB Tengku Razaleigh Hamzah om 6th August 1982 [video recording]
| Format: | Book |
|---|---|
| Published: |
Bangi :
Inspen ,
1982
|
| Subjects: |
MARC
| LEADER | 00000cam a2200000 7i4500 | ||
|---|---|---|---|
| 001 | 0000004739 | ||
| 005 | 20061205.0 | ||
| 040 | |a INS | ||
| 090 | 0 | 0 | |a TH5201 1982 |
| 245 | 0 | 0 | |a Laying of Foundation Stone for the Training & Research Institute, Valuation & Property Services Division by YB Tengku Razaleigh Hamzah om 6th August 1982 [video recording] |
| 260 | |a Bangi : |b Inspen , |c 1982 | ||
| 300 | |a 1video cassette(VHS)( ) : |b sd.,col. ; |c 1/2in. | ||
| 650 | 0 | 0 | |a Foundation |
| 999 | |a VHS611 |b VIDEO |c Media Collection |e Default branch | ||